A large and accurate map of the City of London (Record no. 116864)

MARC details
000 -LEADER
fixed length control field 01370cem a22002415a 4500
001 - CONTROL NUMBER
control field L140397
008 - FIXED-LENGTH DATA ELEMENTS--GENERAL INFORMATION
fixed length control field 070920r19761676xxk a 0 f eng u
035 ## - SYSTEM CONTROL NUMBER
System control number (Sirsi) u140397
041 0# - LANGUAGE CODE
Language code of text/sound track or separate title eng
100 1# - MAIN ENTRY--PERSONAL NAME
Personal name Hyde, Ralph
245 02 - TITLE STATEMENT
Title A large and accurate map of the City of London
Remainder of title ichnographically describing all the streets, lanes, alleys, courts, yards, churches, halls and houses etc., actually surveyed and delineated by John Ogilby Esq., His Majesties Cosmographer
Medium [cartographic material]
255 ## - CARTOGRAPHIC MATHEMATICAL DATA
Statement of scale Scale 1:1200
260 ## - PUBLICATION, DISTRIBUTION, ETC.
Place of publication, distribution, etc. Lympne Castle
Name of publisher, distributor, etc. Harry Margary
Date of publication, distribution, etc. 1976
300 ## - PHYSICAL DESCRIPTION
Extent 8 p. + 21 plates
Other physical details bound
Dimensions 45 cm., plates 37 x 49 cm.
500 ## - GENERAL NOTE
General note A facsimile of Ogilby's original map of 1676, published in association with Guildhall Library.
500 ## - GENERAL NOTE
General note Introductory notes by Ralph Hyde.
500 ## - GENERAL NOTE
General note Accompanied by 'London survey'd, or, and explanation of the large map of London, giving a particular account of the streets and lanes, in the City and Liberties, with the courts yards and alleys, churches, halls and houses of note, in every street and lane...' by John Ogilby and Ralph Morgan, dated 1677 and reproduced in a facsimile in 1976 (see L140400).
651 4# - SUBJECT ADDED ENTRY--GEOGRAPHIC NAME
Geographic name London
690 ## - LOCAL SUBJECT ADDED ENTRY--TOPICAL TERM (OCLC, RLIN)
Topical term or geographic name as entry element ENVIRONMENTAL AND LAND CONSULTANCY-GEOMATICS-MAPPING AND POSITIONING-CARTOGRAPHY
700 1# - ADDED ENTRY--PERSONAL NAME
Personal name Ogilby, John
700 1# - ADDED ENTRY--PERSONAL NAME
Personal name Morgan, William
942 ## - ADDED ENTRY ELEMENTS (KOHA)
Suppress in OPAC 0
Holdings
Withdrawn status Lost status Source of classification or shelving scheme Damaged status Not for loan Home library Current library Shelving location Date acquired Total Checkouts Full call number Barcode Date last seen Copy number Price effective from Koha item type
    Dewey Decimal Classification     Historic collection Historic collection Historic collection 20/09/2007   MAP CABINET DRAWER 4 140397-2001 06/08/2019 1 06/08/2019 Archive